01325nam a2200277 a 450000100100000000500170001000800410002704000250006808200180009310000430011124500780015426000430023230000210027549000710029649000330036750400310040059000250043165000340045665000330049083001060052391000370062995201300066695201150079695201210091199900150103200000812020200929154437.0090915s1987 dr 000 0 spa d aDO-SdBNPbspacBNPHU a621.3bB622ca1 aBisonó Pérez, Emiliod1946-92186113aEl campo de la ingeniería electromecánica /cEmilio Bisonó Pérez. aSanto Domingo :bUniversitaria,c1987. a437 p. :b21 cm.1 aPublicaciones de la Universidad Autónoma de Santo Domingo ;v5211 aCiencia y tecnología ;v22 aBibliografía: p. 431-433 aInventariado,2018/DG 4aIngenieria eléctrica922041 4aIngenieria mecánica922042 0aPublicaciones de la Universidad Autónoma de Santo Domingo ;v521pCiencia y tecnologia ;n22922043 aValidado. Control de calidad MFF 001054708DSaGRbGRcHDd2015-04-14iLF1l0o621.3 B622cap8120-30r2020-06-25te. 3w2020-06-25yLFDSZPréstamo en sala 0010718PDaPDbPDcHDd2009-09-15iLF1l0o621.3 B622cap8120-10r2020-06-25w2020-06-25yLFPDZNo se presta 0010718PDaPDbPDcHDd2009-09-15iLF1l0o621.3 B622cap8120-20r2020-06-25te. 2w2020-06-25yLFPDZNo se presta c7897d7897